Statistiques concernant Étymologie des noms de pays #2

Cliquez ici pour prendre le quiz!

Statistiques générales

  • Ce quiz a été pris 529 fois
  • Le résultat moyen est 8 sur 22

Statistiques - réponses

ÉtymologiePays% Correct
"La Terre des Francs"France
100%
D'après la ligne imaginaire qui le traverseÉquateur
86%
Adapté du nom de son ancienne capitale,
Marrakech
Maroc
80%
En référence à sa place dans le
commerce de défenses d'éléphant
Côte d'Ivoire
72%
Acronyme formé de Punjab, Afghania,
Kashmir, Indus-Sind et Baloutchistan
Pakistan
65%
D'après la prononciation de Marco Polo
de « origine du soleil »
Japon
46%
Du sanskrit pour "Sainte Île"Sri Lanka
38%
Néologisme basé sur les mots grecs
signifiant "îles indiennes"
Indonésie
33%
De l'allemand signifiant "Pierre claire"Liechtenstein
33%
D'après un fleuve qui se jette dans la
mer Morte
Jordanie
32%
Mots espagnols pour "la vieille" et
"la barbue"
Antigua et
Barbuda
28%
D'après le prince d'Orange, Maurice de
Nassau
Maurice
26%
Du portugais "Camarões", pour "crevettes"Cameroun
24%
D'après le métal qui composerait le trésor
légendaire de ces régions
Argentine
23%
La "Montagne au Lion"Sierra Leone
19%
D'après le désert qui couvre sa côte atlantiqueNamibie
17%
D'après une tribu Viking qui conquit les
terres jusqu'à la mer Noire
Russie
15%
D'après le jour de sa découverte par des
navigateurs portugais : la saint Thomas
Sao Tomé-et-Principe
15%
D'après un riche roi et prophète bibliqueÎles Salomon
14%
D'après la péninsule sénégalaise éponymeCap-Vert
10%
Du taïno Xaymaca, signifiant
"Terre du Bois et de l'Eau"
Jamaïque
10%
"Profondes" en espagnolHonduras
8%

Distribution des résultats

Percentile par nombre de réponses

% des personnes avec chaque résultat

Votre développement - résultats

Vous n’avez pas pris ce quiz